| 000 | 01224cab a2200301 4500 | ||
|---|---|---|---|
| 001 | ABS58974 | ||
| 008 | 090401t1998 xxu||||| |||| 00| 0 eng d | ||
| 035 | _a(Sirsi) u87516 | ||
| 041 | _aeng | ||
| 100 | _aElliott, T. | ||
| 245 | _aNo second chances | ||
| 260 | _c1998 | ||
| 350 | _a0 | ||
| 490 |
_aBuilding _v263(8047) 10 July 1998, 37(1) |
||
| 520 | _aDiscusses the case of "Ron Jones (Burton-on-Trent) Ltd v JS and JD Hall" concerning the application to an arbitration of the rules relating to litigating the same dispute twice in the courts and, raising in a later court action issues that could and should have been raised in an earlier one. | ||
| 650 | _aABANDONMENT | ||
| 650 | _aMANAGEMENT-DISPUTE AVOIDANCE, MANAGEMENT AND RESOLUTION-DISPUTE MANAGEMENT AND RESOLUTION-ARBITRATION | ||
| 650 | _aCONTRACTUAL METHOD | ||
| 650 |
_aDISPUTE RESOLUTION _96236 |
||
| 650 | _aISSUE ESTOPPEL | ||
| 650 | _aLITIGATION | ||
| 650 | _aNOTICE OF DISCONTINUANCE | ||
| 650 | _aRES JUDICATA | ||
| 650 | _aRON JONES (BURTON-ON-TRENT) LTD V JS AND JD HALL | ||
| 690 | _aMANAGEMENT-DISPUTE AVOIDANCE, MANAGEMENT AND RESOLUTION-DISPUTE MANAGEMENT AND RESOLUTION-ARBITRATION | ||
| 942 | _n0 | ||
| 948 | _c21/07/1998 | ||
| 999 |
_c55209 _d55209 |
||